000 00366nam a2200133 i 4500
001 bg
100 1 _aOSTASZEWICZ, Eudokia
245 0 _aMechanizmy fotoluminescencji i elektroluminescencji fosforów krystalicznych /
_cE. Ostaszewicz.
260 _aBiałystok,
_c1991.
040 _cBPK
041 _apol
942 _cKS
008 s pl f |000 0 pol
999 _c29545
_d29545
856 _uhttp://koha.tu.koszalin.pl/cgi-bin/koha/opac-detail.pl?biblionumber=29545
_yKatalog online BPK